000 01315nam a2200385 i 4500
003 CL-SaCFP
005 20260309103144.0
007 ta
008 250725s2025 amca b 000 0dspa
015 _acl-2025-xxxx
020 _a9789564087979
040 _bspa
_cCL
_erda
082 0 4 _a158.1 P438 2025
_221
100 1 _aPérez Boizard, Alejandra
_eautora
245 1 3 _aEl éxito de ser tú :
_bconfía en tu poder para crear con propósito la vida que sueñas /
_cAlejandra Pérez B.
246 3 0 _aConfía en tu poder para crear con propósito la vida que sueñas
250 _aTercera edición: diciembre 2025.
264 1 _aSantiago de Chile :
_bEditorial Planeta Chilena S.A.,
_c2025.
264 3 _aSantiago, Chile :
_bCyC Impresores,
_c2025.
264 4 _cc2025
300 _a238 páginas :
_bdiagramas ;
_c23 cm.
336 _atexto
_btxt
_2rdacontent
337 _ano mediado
_bn
_2rdamedia
338 _avolumen
_bnc
_2rdacarrier
490 1 _aeBook disponible
490 1 _aPlaneta
504 _aBibliografía: página 237-238.
650 7 _aAutoconfianza
650 7 _aAutoestima
650 7 _aAutorrealización (Psicología)
830 0 _aeBook disponible (Editorial Planeta Chilena)
830 0 _aPlaneta (Editorial Planeta Chilena (Chile))
942 _2ddc
_cLIBRO
949 _ac
_bn
999 _c16346
_d16346